| 000 | 00759nam a2200205Ii 4500 | ||
|---|---|---|---|
| 003 | JO-AjNU | ||
| 008 | 230605s9999||||xx |||||||||||||| ||und|| | ||
| 017 | _a2019/6/3072 | ||
| 040 |
_aJO-AjNU _bara _erda _cJO-AjNU |
||
| 041 | _aara | ||
| 050 | 1 | 4 | _aDS111.A3.A2.2019 |
| 100 | 3 |
_aالعابدي، محمود, _eauthor _962697 |
|
| 245 | 0 | 0 | _aالآثار الاسلامية في فلسطين والاردن |
| 264 | 3 | 1 | _aعمان: وزارة الثقافة، 2019 |
| 300 |
_a307ص _bيحتوي على كشاف باالاعلام وفهرس من ص 295-307ص |
||
| 336 |
_atext _btxt _2rdacontent |
||
| 337 |
_aunmediated _bn _2rdamedia |
||
| 338 |
_avolume _bnc _2rdacarrier |
||
| 650 | 4 |
_aالآثار الاسلامية-فلسطين-الاردن _962698 |
|
| 999 |
_aA28403 _c31971 _d31971 |
||